10 Most Geographically Isolated Countries - Statistics

General Stats
  • This quiz has been taken 311 times
  • The average score is 8 of 10
Answer Stats
D (km) Country % Correct
291 Iceland
87%
422 New Zealand
85%
318 Tuvalu
81%
351 Tonga
80%
1,061 Seychelles
79%
445 Maldives
76%
443 Marshall Islands
76%
420 Federated States of Micronesia
75%
572 Cape Verde
70%
305 Madagascar
68%
No matching quizzes found
Score Distribution
Percent of People with Each Score
Percentile by Number Answered
Your Score History
You have not taken this quiz